Wallis Fashion Group Ltd v CGU Life Assurance Ltd (Record no. 64206)

MARC details
000 -LEADER
fixed length control field 01125cam a2200229 4500
001 - CONTROL NUMBER
control field ABS62633
008 - FIXED-LENGTH DATA ELEMENTS--GENERAL INFORMATION
fixed length control field 000000n2000 000 0 eng u
035 ## - SYSTEM CONTROL NUMBER
System control number (Sirsi) u107382
245 ## - TITLE STATEMENT
Title Wallis Fashion Group Ltd v CGU Life Assurance Ltd
260 ## - PUBLICATION, DISTRIBUTION, ETC.
Date of publication, distribution, etc. 2000
490 ## - SERIES STATEMENT
Series statement Estates Gazette Law Reports
Volume/sequential designation [2000] 27 EG 145-150(6)
520 ## - SUMMARY, ETC.
Summary, etc. ChD 27 March 2000. Claimant tenant W applied for a new tenancy under Landlord and Tenant Act 1954 part II. W argued that under the provisions of the Landlord and Tenant (Covenants) Act 1995, the landlord should not require an authorised guarantee agreement. W contending reasonableness qualification. The landlord did not accept the qualifying words 'where reasonable'. 'Held' the tenant's application was allowed.
590 ## - LOCAL NOTE (RLIN)
Local note ABS
650 ## - SUBJECT ADDED ENTRY--TOPICAL TERM
Topical term or geographic name entry element LANDLORD AND TENANT (COVENANTS) ACT 1995
650 ## - SUBJECT ADDED ENTRY--TOPICAL TERM
Topical term or geographic name entry element LANDLORD AND TENANT ACT 1954 S35
650 ## - SUBJECT ADDED ENTRY--TOPICAL TERM
Topical term or geographic name entry element WALLIS FASHION GROUP LTD V CGU LIFE ASSURANCE LTD
650 ## - SUBJECT ADDED ENTRY--TOPICAL TERM
Topical term or geographic name entry element REASONABLENESS
650 ## - SUBJECT ADDED ENTRY--TOPICAL TERM
Topical term or geographic name entry element TERMS
650 ## - SUBJECT ADDED ENTRY--TOPICAL TERM
Topical term or geographic name entry element AUTHORISED GUARANTEE AGREEMENTS
690 ## - LOCAL SUBJECT ADDED ENTRY--TOPICAL TERM (OCLC, RLIN)
Topical term or geographic name as entry element LANDLORD AND TENANT-BUSINESS TENANCIES-CASE LAW
942 ## - ADDED ENTRY ELEMENTS (KOHA)
Suppress in OPAC 0
Holdings
Withdrawn status Lost status Source of classification or shelving scheme Damaged status Not for loan Home library Current library Shelving location Date acquired Total Checkouts Full call number Barcode Date last seen Copy number Price effective from Koha item type
    Dewey Decimal Classification     London London Journal article 28/07/2000   ABS62633 107382-1001 06/08/2019 1 06/08/2019 Law report